| 000 | 01205nam a2200361 i 4500 | ||
|---|---|---|---|
| 001 | 11981 | ||
| 003 | KOSZ 005 | ||
| 005 | 20221128083235.0 | ||
| 008 | 071026s1966 pl a f 001 0 pol | ||
| 015 | _aPB 1966/5053 | ||
| 040 |
_aWA N _cWA N _dKOSZ 005/KK _dKOSZ 005/HR |
||
| 046 | _k1966 | ||
| 080 | _a331 | ||
| 100 | 1 |
_aPszczołowski, Tadeusz _d(1922-1999) _eAutor |
|
| 245 | 1 | 0 |
_aPraca człowieka / _cTadeusz Pszczołowski ; [il. Szymon Kobyliński]. |
| 260 |
_aWarszawa : _bWiedza Powszechna, _c1966. |
||
| 300 |
_a390, [2] s. : _bil. ; _c18 cm. |
||
| 336 |
_2rdacontent _aTekst _btxt |
||
| 337 |
_2rdamedia _aBez urządzenia pośredniczącego _bn |
||
| 338 |
_2rdacarrier _aWolumin _bnc |
||
| 380 | _aKsiążki | ||
| 388 | _a1901-2000 | ||
| 388 | _a1945-1989 | ||
| 490 | 1 | _aSygnały. | |
| 650 | 4 | _aPraca | |
| 658 | _aGospodarka, ekonomia, finanse | ||
| 658 | _aHistoria | ||
| 700 | 1 |
_aKobyliński, Szymon _d(1927-2002) _eIlustracje |
|
| 710 | 2 |
_aPaństwowe Wydawnictwo Wiedza Powszechna _4pbl. |
|
| 830 | 0 | _aSygnały | |
| 856 |
_uhttp://koha.tu.koszalin.pl/cgi-bin/koha/opac-detail.pl?biblionumber=11981 _yKatalog online BPK |
||
| 942 |
_2UKD _cKS |
||
| 999 |
_c11981 _d11981 |
||